| 000 | 00496nam a22001697a 4500 | ||
|---|---|---|---|
| 005 | 20250519143444.0 | ||
| 008 | 250519b |||||||| |||| 00| 0 eng d | ||
| 020 | _a9788131249116 | ||
| 082 | _a616.1207 | ||
| 100 | _aGoldberger, Ary L | ||
| 245 |
_aGoldberger's Clinical Electrocardiography _bA Simplified Approach _cAry L Goldberger; Zachary D Goldberger; Alexei Shvikin |
||
| 250 | _a1st | ||
| 260 |
_aNew Delhi _bElsevier _c2020 |
||
| 650 | 0 | _aPhysiotherapy | |
| 942 | _cBK | ||
| 999 |
_c249314 _d249314 |
||